Нормален изглед
MARC изглед
- Юбилейна науч. сес. 85 г. Институт по семезнание и семепроизводство Образцов чифлик-Русе 1905 - 1990. Русе. 190
Вход 02. Организация (Колективен автор)
001 - Контролен номер на записа
- Контролно поле: 344735
003 - Код на организацията, даваща контролен номер
- Контролно поле: BLK
005 - Дата и час на последна промяна на записа
- Контролно поле: 20180421000542.0
008 - Данни с фиксирана дължина – обща информация
- Данни с фиксирана дължина : 180421|| aca||aabn | a|a d
110 ## - НАИМЕНОВАНИЕ НА КОЛЕКТИВЕН ОРГАН -ПЪРВИЧНА ИНТЕЛЕКТУАЛНА ОТГОВОРНОСТ
- Название на организация или юридическо име като основно описание: Юбилейна науч. сес. 85 г. Институт по семезнание и семепроизводство Образцов чифлик-Русе 1905 - 1990. Русе. 190
942 ## - Системна служебна употреба
- Koha auth type: CORPO_NAME